000 01382cam a22001934a 4500
005 20250605163945.0
008 250528s ||||||||||||||||||||||||d
035 _a15171
040 _aGR-AtMCL
_bgre
_dGR-AtMCL
_eAACR2
245 1 _aΟργάνωση και Διοίκηση / Εισαγωγή στο Μανατζμεντ.
_nΤόμος Δεύτερος
260 _bΒιβλιοεκδοτικη Α.Ε,
_c1993
300 _a104
505 0 _aΠρόλογος, Η Οργάνωση των Επιχειρήσεων, Η Διοίκηση των Επιχειρήσεων, Ο Προγραμματισμός της Επιχείρησης, Η Λήψη Αποφάσεων, Ο Έλεγχος, Στελέχωση, Ρεαλιστικό Αποτελεσματικό Μάρκετινγκ, Συμμετοχικό Management και Παραγωγικότητα.
520 _aΠρόλογος, Η Οργάνωση των Επιχειρήσεων, Η Διοίκηση των Επιχειρήσεων, Ο Προγραμματισμός της Επιχείρησης, Η Λήψη Αποφάσεων, Ο Έλεγχος, Στελέχωση, Ρεαλιστικό Αποτελεσματικό Μάρκετινγκ, Συμμετοχικό Management και Παραγωγικότητα.
700 1 _aΚαραγιάννης Στέφανος
_91033
942 _cBK
999 _c765
_d765